| 000 | 01407nam a2200325 a 4500 | ||
|---|---|---|---|
| 003 | CHAP | ||
| 005 | 20230627172527.0 | ||
| 007 | ta | ||
| 008 | 230627s1970 it ao||fr|||| 001 0 spa d | ||
| 040 |
_amxchpua _cCHAP _erda |
||
| 050 | 1 | 0 |
_aHD9259.C6 _b.T45 1970 |
| 082 | 0 | 0 |
_a665.355 _bT45 1970 _220 |
| 100 | 1 |
_9112778 _aThieme, J. G. _eautor |
|
| 245 | 1 | 3 |
_aLa industria del aceite de coco / _cJ. G. Thieme |
| 250 | _a1a edición | ||
| 264 |
_aItalia : _bFAO, _c1970 |
||
| 300 |
_axvi, 267 páginas : _bilustraciones, diagramas, tablas, fotos |
||
| 336 |
_2rdacontent _atexto _btxt |
||
| 337 |
_2rdamedia _asin medio _bn |
||
| 338 |
_2rdacarrier _avolumen _bnc |
||
| 490 | 1 |
_aCuadernos de fomento agropecuario (FAO) _v89 |
|
| 504 | _aBibliografía: páginas 262-267 | ||
| 505 | _g1. Métodos de elaboración -- 2. Equipo de preparación -- 3. Equipo de extracción de aceite -- 4. Equipo para el tratamiento del aceite y la torta -- 5. Ejemplos de molinos de aceites rurales -- 6. La refinación del aceite de coco -- 7. Propiedades y aprovechamiento del aceite de coco-- 8. Propiedades y aprovechamiento de la torta de coco | ||
| 650 | 1 | 3 |
_9427 _aAceite de coco |
| 650 | 1 | 3 |
_9154338 _aIndustria de la grasa y el aceite |
| 650 | 1 | 3 |
_9161693 _aCoconut oil |
| 650 | 1 | 3 |
_9157566 _aFats and oils industry |
| 830 |
_9187477 _aCuadernos de fomento agropecuario (FAO) _v89 |
||
| 942 |
_2ddc _cLibro |
||
| 999 |
_c218986 _d218986 |
||